| 000 | 00859nam a22002057a 4500 | ||
|---|---|---|---|
| 999 |
_c8371 _d8371 |
||
| 003 | AR-CdUCM | ||
| 008 | 190325b ||||| |||| 00| 0 spa d | ||
| 040 |
_aMUNICIPALIDAD PROVINCIAL DEL CUSCO _cBIBLIOTECA MUNICIPAL DEL CUSCO |
||
| 082 |
_a658 / _bAN553 |
||
| 100 |
_aAndrade, Simón E. _923500 |
||
| 245 |
_aGestion Empresarial : _bPequeña Micro Empresa / |
||
| 260 |
_aPerú : _bLucero R. Ltda , _c1995. |
||
| 300 |
_a318 páginas ; _c20.5 cm. |
||
| 505 | _aContenido : Ley general de sociedades - D.L 311 -- Ley de la empresa Individual de R.L -- Ley de la empresa individual de R.L -- Convenios para crear pequeñas empresas -- Clasificacion de empresas -- Perfiles empresariales... | ||
| 650 |
_aAdministracion de Empresas _96082 |
||
| 650 |
_aSector Privado _923501 |
||
| 650 |
_aAdministracion General _919918 |
||
| 942 |
_2ddc _cLIBROS |
||
| 945 | _artm | ||